Practical book of Human anatomy and Physiology I (Record no. 8286)

MARC details
000 -LEADER
fixed length control field 00343nam a2200121Ia 4500
008 - FIXED-LENGTH DATA ELEMENTS--GENERAL INFORMATION
fixed length control field 191201s2018 xx 000 0 und d
100 ## - MAIN ENTRY--PERSONAL NAME
Personal name PRASAD,Mahesh and Other
245 #0 - TITLE STATEMENT
Title Practical book of Human anatomy and Physiology I
260 ## - PUBLICATION, DISTRIBUTION, ETC. (IMPRINT)
Name of publisher, distributor, etc Nirali Pub
Place of publication, distribution, etc New Delhi
Date of publication, distribution, etc 2018
300 ## - PHYSICAL DESCRIPTION
Extent MISC
650 ## - SUBJECT ADDED ENTRY--TOPICAL TERM
Topical term or geographic name as entry element Human Anatomy & Physiology
942 ## - ADDED ENTRY ELEMENTS (KOHA)
Source of classification or shelving scheme Dewey Decimal Classification
Koha item type Text Books
Holdings
Withdrawn status Lost status Source of classification or shelving scheme Damaged status Not for loan Collection code Home library Current library Date acquired Source of acquisition Cost, normal purchase price Bill Number Total Checkouts Full call number Acc. no. / Barcode Date last seen Actual Cost, discounted price Bill Date Koha item type Shelving location
    Dewey Decimal Classification     Diploma in Pharmacy PIET C-LIBRARY PIET C-LIBRARY 26/03/2019 Kirti Prakashan 50.00 IN 3106   612 PRP DP361 04/12/2019 37.00 12/03/2019 Text Books  
    Dewey Decimal Classification     Diploma in Pharmacy PIET C-LIBRARY PIET C-LIBRARY 26/03/2019 Kirti Prakashan 50.00 IN 3106   612 PRP DP362 04/12/2019 37.00 12/03/2019 Reference Books Ref. Sec. R04
    Dewey Decimal Classification     Diploma in Pharmacy PIET C-LIBRARY PIET C-LIBRARY 26/03/2019 Kirti Prakashan 50.00 IN 3106   612 PRP DP363 04/12/2019 37.00 12/03/2019 Text Books  

Design & Developed by: PIET Central Library
R70 Miles Stone Pattikalyana Samalkha Panipat 132102
mail ID :- [email protected], Phone No:- 0180-2569700 Ex.216